Reunion 2024 / directed by Chris Nelson ; written by Jake Emanuel, Willie Block ; produced by Todd Garner (and five others). (Record no. 20969)

000 -LEADER
fixed length control field 01131nam a22002657a 4500
008 - FIXED-LENGTH DATA ELEMENTS--GENERAL INFORMATION
fixed length control field 250528b xxu||||| |||| 00| 0 eng d
040 ## - CATALOGING SOURCE
Original cataloging agency Cagayan State University
Description conventions RDA
082 ## - DEWEY DECIMAL CLASSIFICATION NUMBER
Classification number 791.4372
Item number R4443 2024
245 ## - TITLE STATEMENT
Title Reunion 2024 / directed by Chris Nelson ; written by Jake Emanuel, Willie Block ; produced by Todd Garner (and five others).
260 ## - PUBLICATION, DISTRIBUTION, ETC. (IMPRINT)
Place of publication, distribution, etc United States :
Name of publisher, distributor, etc Spyglass Media Group ;
-- Artists Road ;
-- Unique Features ;
-- Republic Pictures ;
-- Lionsgate,
Date of publication, distribution, etc 2024.
300 ## - PHYSICAL DESCRIPTION
Extent 1 videofile, (ca. 90mins.)
Other physical details sound, color.
520 ## - SUMMARY, ETC.
Summary, etc Snowbound at their high school reunion, former classmates uncover a murder and scramble to identify the killer among them before they're all iced out for good.

650 ## - SUBJECT ADDED ENTRY--TOPICAL TERM
Topical term or geographic name as entry element Comedy.
650 ## - SUBJECT ADDED ENTRY--TOPICAL TERM
Topical term or geographic name as entry element Mystery.
700 ## - ADDED ENTRY--PERSONAL NAME
Personal name Howery, Lil Rel, star.
700 ## - ADDED ENTRY--PERSONAL NAME
Personal name Magnussen, Billy, star.
700 ## - ADDED ENTRY--PERSONAL NAME
Personal name Bell, Jillian, star.
700 ## - ADDED ENTRY--PERSONAL NAME
Personal name Chung, Jamie, star.
700 ## - ADDED ENTRY--PERSONAL NAME
Personal name Hitchcock, Michael, star.
700 ## - ADDED ENTRY--PERSONAL NAME
Personal name Dobrev, Nina, star.
700 ## - ADDED ENTRY--PERSONAL NAME
Personal name Crawford, Chace, star.
700 ## - ADDED ENTRY--PERSONAL NAME
Personal name Parks, Dino, cinematographer.
700 ## - ADDED ENTRY--PERSONAL NAME
Personal name Grayson, Rick, editor.
942 ## - ADDED ENTRY ELEMENTS (KOHA)
Source of classification or shelving scheme
Item type Audio-Visual Materials
Holdings
Source of acquisition Price effective from Permanent location Date last seen Not for loan Date acquired Source of classification or shelving scheme Koha item type Collection code Shelving location Damaged status Lost status Withdrawn status Current location Full call number
Donation2025-05-28Cagayan State University - Carig Library2025-05-28 2025-05-28 Audio-Visual MaterialsElectronic Media CenterElectronic Media Center   Cagayan State University - Carig Library791.4372 R4443 2024

Cagayan State University University Library, Carig Campus
Tuguegarao City, Cagayan 3500 | www.csucarig.edu.ph

Powered by Koha